The soul of the new consumer: (Record no. 15906)
[ view plain ]
| 000 -LEADER | |
|---|---|
| fixed length control field | 00576nam a22001937a 4500 |
| 001 - CONTROL NUMBER | |
| control field | MUT |
| 003 - CONTROL NUMBER IDENTIFIER | |
| control field | MUT |
| 005 - DATE AND TIME OF LATEST TRANSACTION | |
| control field | 20240606081345.0 |
| 008 - FIXED-LENGTH DATA ELEMENTS--GENERAL INFORMATION | |
| fixed length control field | 180227b xxu||||| |||| 00| 0 eng d |
| 020 ## - INTERNATIONAL STANDARD BOOK NUMBER | |
| International Standard Book Number | 1857882989 |
| 040 ## - CATALOGING SOURCE | |
| Transcribing agency | MUT |
| 050 ## - LIBRARY OF CONGRESS CALL NUMBER | |
| Classification number | HF 5415.32 |
| Item number | .L48 2001 |
| 100 ## - MAIN ENTRY--PERSONAL NAME | |
| Personal name | Lewis,David |
| 245 ## - TITLE STATEMENT | |
| Title | The soul of the new consumer: |
| Remainder of title | authenicity - what we buy and why in the new economy |
| 260 ## - PUBLICATION, DISTRIBUTION, ETC. | |
| Place of publication, distribution, etc. | Naperville |
| Name of publisher, distributor, etc. | Nicholas Brealey |
| Date of publication, distribution, etc. | 2001 |
| 650 ## - SUBJECT ADDED ENTRY--TOPICAL TERM | |
| Topical term or geographic name entry element | Consumer behavior |
| General subdivision | Histoty |
| Chronological subdivision | 20th century |
| 700 ## - ADDED ENTRY--PERSONAL NAME | |
| Personal name | Darren Bridger |
| 942 ## - ADDED ENTRY ELEMENTS (KOHA) | |
| Source of classification or shelving scheme | Library of Congress Classification |
| Koha item type | Books |
| Withdrawn status | Lost status | Source of classification or shelving scheme | Damaged status | Not for loan | Home library | Current library | Shelving location | Date acquired | Source of acquisition | Total checkouts | Full call number | Barcode | Date last seen | Price effective from | Koha item type |
|---|---|---|---|---|---|---|---|---|---|---|---|---|---|---|---|
| Library of Congress Classification | Murang'a University of Technology Library | Murang'a University of Technology Library | General stacks | 27/02/2018 | Donation-TFC | HF 5415.32 .L48 2001 | 019454 | 30/08/2024 | 27/02/2018 | Books |